[Event "Catalunya Valles West-ch U08"]
[Site "Catalunya"]
[Date "2013.01.26"]
[Round "1.5"]
[White "Marques Figueroa, Joan"]
[Black "Cillero Garcia, Andres"]
[Result "1-0"]
[WhiteElo "1700"]
[BlackElo "1700"]
[PlyCount "57"]
[EventDate "2013.01.26"]
[EventType "swiss"]
[EventRounds "6"]
[EventCountry "ESP"]
[SourceTitle "EXT 2024"]
[Source "ChessBase"]
[SourceDate "2023.10.10"]
[SourceVersion "1"]
[SourceVersionDate "2023.10.10"]
[SourceQuality "1"]

1. d4 e6 2. Nf3 Nf6 3. e3 Bb4+ 4. c3 0-0 5. Bd3 Nc6 6. d5 Nxd5 7. Bb5 Na5 8. cxb4 Nc6 9. e4 Ncxb4 10. exd5 c6 11. dxe6 dxe6 12. 0-0 Bd7 13. Nbd2 cxb5 14. Nd4 Qc8 15. Ne4 Qd8 16. Nxb5 Rc8 17. Nxa7 Nc6 18. Nxc6 bxc6 19. Nc5 Qe8 20. Be3 Rb8 21. Nxd7 Qd8 22. Ba7 Qc7 23. Bxb8 Rxb8 24. Qa4 Qxd7 25. Rac1 Rxb2 26. Qf4 Rxa2 27. Ra1 Rxa1 28. Rxa1 e5 29. Ra8+ 1-0